000
00312nam a2200121Ia 4500
005
20260328101519.0
008
260328s9999||||xx |||||||||||||| ||und||
245
0
_a
Vivienda total :
_b
Alternativas a la dispersión Urbana /
260
_b
ACTAR
300
_a
396 p.
650
_a
VIVIENDA MULTIFAMILIAR
942
_c
BK
999
_c
9512
_d
9512